000 00482cam a2200193ua 4500
020 _a81 7029 753 2
_c175.00
041 _aeng
_h
082 _a005.43
_bKAN/UN
100 _aKanetkar, .
245 _aUnix shell programming /
_cKanetkar.
_hTextual Documents
250 _a1 /
_b.
260 _aNew Delhi :
_bB P B Publishers ,
_c1996.
300 _a486 ; .
365 _a175.00
504 _a
700 1 _aYashvant, P .
942 _cBK
999 _c9462
_d9462